Snatakar bahumukhi paath (Record no. 9099)

MARC details
000 -LEADER
fixed length control field 00606cam a2200229ua 4500
005 - DATE AND TIME OF LATEST TRANSACTION
control field 20260515114552.0
008 - FIXED-LENGTH DATA ELEMENTS--GENERAL INFORMATION
fixed length control field 170330n ii |||gr||||Z||||||asm
020 ## - INTERNATIONAL STANDARD BOOK NUMBER
International Standard Book Number 9789384303235
040 ## - CATALOGING SOURCE
Transcribing agency MAIN
Original cataloging agency IN-DiNC
041 ## - LANGUAGE CODE
Language code of sung or spoken text asm
082 ## - DEWEY DECIMAL CLASSIFICATION NUMBER
Classification number 001
Item number PAU
100 ## - MAIN ENTRY--PERSONAL NAME
Personal name Paul, Pranab,
Relator term author
245 ## - TITLE STATEMENT
Title Snatakar bahumukhi paath
Statement of responsibility, etc. By Pranab Paul and Sangita Paul
250 ## - EDITION STATEMENT
Edition statement 1st ed.
260 ## - PUBLICATION, DISTRIBUTION, ETC.
Place of publication, distribution, etc. Dibrugarh:
Name of publisher, distributor, etc. Mahaveer,
Date of publication, distribution, etc. 2015.
300 ## - PHYSICAL DESCRIPTION
Extent 207p.
650 ## - SUBJECT ADDED ENTRY--TOPICAL TERM
Topical term or geographic name entry element Multidisciplinary course
653 ## - INDEX TERM--UNCONTROLLED
Uncontrolled term Knowledge
653 ## - INDEX TERM--UNCONTROLLED
Uncontrolled term Multi disciplinary
700 ## - ADDED ENTRY--PERSONAL NAME
Personal name Paul, Sangita,
Relator term author
942 ## - ADDED ENTRY ELEMENTS (KOHA)
Koha item type Books
Source of classification or shelving scheme Dewey Decimal Classification
Holdings
Withdrawn status Lost status Damaged status Not for loan Home library Current library Shelving location Date acquired Total checkouts Full call number Barcode Date last seen Date last checked out Copy number Price effective from Koha item type Source of classification or shelving scheme Cost, normal purchase price
        Naharkatiya College Library Naharkatiya College Library General stacks 09/19/2020 8 001 | PAU 23761 02/28/2022 01/04/2022 4 09/19/2020 Books    
        Naharkatiya College Library Naharkatiya College Library General stacks 09/19/2020 8 001 | PAU 23762 03/11/2022 02/23/2022 3 09/19/2020 Books    
        Naharkatiya College Library Naharkatiya College Library General stacks 09/19/2020 7 001 | PAU 23763 03/05/2022 12/30/2021 2 09/19/2020 Books    
        Naharkatiya College Library Naharkatiya College Library General stacks 09/19/2020 12 001 | PAU 23764 02/28/2022 01/27/2022 1 09/19/2020 Books    
        Naharkatiya College Library Naharkatiya College Library General stacks 09/19/2020 8 001 | PAU 23765 07/11/2022 06/25/2022 5 09/19/2020 Books    
        Naharkatiya College Library Naharkatiya College Library General stacks 02/11/2021 7 001 PAU 23252 02/28/2022 01/25/2022 6 02/11/2021 Books Dewey Decimal Classification 190.00
        Naharkatiya College Library Naharkatiya College Library General stacks 02/11/2021 5 001 PAU 23253 02/28/2022 02/01/2022 7 02/11/2021 Books Dewey Decimal Classification 190.00
        Naharkatiya College Library Naharkatiya College Library General stacks 02/11/2021 6 001 PAU 23254 02/28/2022 02/14/2022 8 02/11/2021 Books Dewey Decimal Classification 190.00